Disaster mnagement/ (Record no. 159467)

MARC details
000 -LEADER
fixed length control field 00567nam a22001937a 4500
005 - DATE AND TIME OF LATEST TRANSACTION
control field 20181219123055.0
010 ## - LCCN (DPL NO)
LC control number ENG-124578
020 ## - INTERNATIONAL STANDARD BOOK NUMBER
Terms of availability 350.00
International Standard Book Number 9789352718702
035 ## - SYSTEM CONTROL NUMBER
System control number EN-108110
037 ## - SOURCE OF ACQUISITION
Source of stock number/acquisition DBAD/PUB
082 ## - DEWEY DECIMAL CLASSIFICATION NUMBER
Classification number 363.34
100 ## - MAIN ENTRY--PERSONAL NAME
Personal name Subramanian R
245 00 - TITLE STATEMENT
Statement of responsibility, etc by R Subramanian
Title Disaster mnagement/
260 ## - PUBLICATION, DISTRIBUTION, ETC. (IMPRINT)
Place of publication, distribution, etc Noida
Name of publisher, distributor, etc Vikas Publishing House
Date of publication, distribution, etc 2018
270 ## - ADDRESS
Address E-28, Sector-8,
City Noida
Postal code 201301
300 ## - PHYSICAL DESCRIPTION
Extent xvi,326p.
Dimensions 24cm(pbk)
Other physical details ill.
500 ## - GENERAL NOTE
General note It includes appendix 1 to 2 and index
942 ## - ADDED ENTRY ELEMENTS (KOHA)
Source of classification or shelving scheme Dewey Decimal Classification
Item type English Books
Call number suffix SUB
Classification part 363.34
Holdings
Withdrawn status Lost status Not for loan Collection code Home library Current library Date acquired Source of acquisition Cost, normal purchase price Full call number Barcode Copy number Cost, replacement price Koha item type
    Not For Loan Non-fiction D.B.Act.Division Bawana 19/12/2018 DBAD/PUB 350.00 363.34 SUB EN-108110 1 350.00 English Books

© Delhi Public Library
Hit Counter
free hit counter